| 000 | 00752nam a2200217Ia 4500 | ||
|---|---|---|---|
| 003 | GCL | ||
| 008 | 140319s9999 xx 000 0 ara d | ||
| 020 | _a1065829953 | ||
| 040 |
_aGCL / _cGCL |
||
| 082 | 0 | 4 |
_a320.54 _bس م |
| 100 | 1 | _aسعدون حمادى | |
| 245 | 1 | 0 |
_aمشروع الوحدة العربية مالعمل ؟ / _cسعدون حمادى |
| 250 | _aالاولى | ||
| 260 |
_aبيروت : _bمركز دراسات الوحدة العربية ، _c2006 |
||
| 300 |
_a171 ص ؛ _c24 سم |
||
| 650 | 0 | 4 | _aالامن القومى |
| 650 | 0 | 4 | _aالقومية العربية |
| 650 | 0 | 4 | _aالعالم العربى - الامن القومى |
| 650 | 0 | 4 | _aالعالم العربى - الاحوال السياسية |
| 942 |
_2ddc _cBK |
||
| 999 |
_c8930 _d8930 |
||